Statistieken voor Raad het Liedje nr.4

Klik hier om de quiz te nemen!

Algemene statistieken

  • Deze quiz is 61 keer genomen
    (58 sinds de laatste reset)
  • De gemiddelde score is 164 van 329

Antwoordstatistieken

Antwoord% Correct
Ik
100%
ik
100%
de
98%
Het
93%
het
93%
een
88%
Een
88%
Oh-oh-ooh
85%
is
83%
is,
83%
we
78%
't
73%
al
70%
en
65%
En
65%
zijn
65%
Zijn
65%
er
63%
hij
63%
Hij
63%
niet
63%
die
60%
in
60%
op
60%
Op
60%
dat
58%
Maar
58%
maar
58%
als
53%
Als
53%
van
53%
Was
53%
was
53%
zon
53%
heb
50%
Met
50%
waar
50%
man
48%
Kan
45%
leven
45%
wil
45%
altijd
43%
had
43%
Had
43%
wel
43%
Zonder
43%
zonder
43%
Even
40%
gaan
40%
hem,
40%
hem
40%
hier
40%
meer
40%
naam
40%
Stond
40%
tot
40%
zat
40%
Zit
40%
AD
38%
ademhalen
38%
auto
38%
dan
38%
ergens
38%
Herman
38%
'ie
38%
krant
38%
net
38%
regent
38%
rustig
38%
terras
38%
uit
38%
Want
38%
Frankrijk
35%
gekocht
35%
leest
35%
Leest
35%
nooit
35%
onder
35%
verkocht
35%
zonnestralen
35%
af
33%
dit
33%
dus
33%
echt,
33%
gisteren
33%
lief
33%
nu
33%
Nu
33%
of
33%
Amsterdam
30%
bocht
30%
keer
30%
vlakbij
30%
vloog
30%
won
30%
zien
30%
zullen
30%
afgebrand
28%
alsof
28%
heeft
28%
lijkt
28%
park
28%
honderd
25%
lam
25%
oud
25%
volledig
25%
weer
25%
wist
25%
zich
25%
alleen
23%
bankje
23%
schrok
23%
staat
23%
wiens
23%
geleden
20%
noem
20%
Noem
20%
tussenuit
20%
week
20%
zwartomrand
20%
bepaald
18%
dapper,
18%
dromen
18%
jongensdromen
18%
knijp
18%
overzien
18%
tweede
18%
verdien
18%
vluchten
18%
vrijheid
18%
worden
18%
18,
15%
besluit
15%
da's
15%
gehaald
15%
gekregen
15%
kans
15%
kop
15%
kwam
15%
nergens
15%
niemand
15%
pagina
15%
stil
15%
vroeger
15%
wind
15%
eindelijk
13%
Hield
13%
meningen
13%
niks
13%
rekent
13%

Scoreverdeling

Percentiel versus Aantal Correcte Antwoorden

Procent van Mensen met Elke Score

Uw Scoregeschiedenis

U heeft deze quiz nog niet genomen sinds de laatste reset